Statystyki dla Kierowcy F1 2002

Kliknij tutaj aby rozwiązać quiz!

Ogólne statystyki

  • Ten quiz został rozwiązany 19 razy
  • Średni wynik to 11 z 24

Statystyki odpowiedzi

ZespółKierowca% Poprawnych
Scuderia Ferrari MarlboroMichael Schumacher
100%
BMW WilliamsF1 TeamRalf Schumacher
100%
Kimi Raikkonen
88%
Rubens Barrichello
71%
West McLaren MercedesDavid Coulthard
65%
Mark Webber
65%
Felipe Massa
59%
Jenson Button
59%
Takuma Sato
53%
Juan Pablo Montoya
47%
Sauber PetronasNick Heidfeld
47%
Mild Seven Renault F1 TeamJarno Trulli
41%
Olivier Panis
41%
DHL Jordan HondaGiancarlo Fisichella
35%
Orange ArrowsHeinz-Harald Frentzen
35%
Heinz-Harald Frentzen
35%
Lucky Strike BAR HondaJacques Villeneuve
35%
Pedro de la Rosa
29%
Allan McNish
24%
Jaguar Racing F1 TeamEddie Irvine
24%
Panasonic Toyota RacingMika Salo
24%
KL Minardi AsiatechAlex Yoong
18%
Anthony Davidson
18%
Enrique Bernoldi
12%

Rozkład punktacji

Percentyl według liczby udzielonych odpowiedzi

Procent ludzi z każdym wynikiem

Twoja historia wyników

Nie rozwiązałeś tego quizu